The World Bank's market-assisted' land reform as a political issue: evidence from Brazil (1997-2006) /

محفوظ في:
التفاصيل البيبلوغرافية
المؤلف الرئيسي: Mendes Pereira, Joao Márcio
التنسيق: نص
الموضوعات:
الوسوم: إضافة وسم
لا توجد وسوم, كن أول من يضع وسما على هذه التسجيلة!

MARC

LEADER 00000 a a2200000 04500
001 16287
003
040
100 |a Mendes Pereira, Joao Márcio  
245 |a The World Bank's market-assisted' land reform as a political issue:   |b evidence from Brazil (1997-2006) /  |c Joao Márcio Mendes Pereira 
650 |a BANCO MUNDIAL  
650 |a DISTRIBUCION  
650 |a TIERRAS  
650 |a CONFLICTOS SOCIALES  
650 |a GOBIERNO  
650 |a ECONOMIA  
650 |a BRASIL  
650 |2 Macrothesaurus de la OCDE  
773 |g número 82; páginas 21-49  
999 |c 24968  |d 24968